[Event "Open Liberec 2015"]
[Site "Liberec (CZE)"]
[Date "2015.02.20"]
[Round "8.4"]
[White "Vlasak, Lukas"]
[Black "Roeder, Matthias"]
[Result "1/2-1/2"]
[WhiteElo "2353"]
[BlackElo "2414"]
[PlyCount "109"]
[EventDate "2015.02.14"]
[Source "lmi"]
[SourceDate "2015.02.14"]

1. e4 c5 2. Nf3 d6 3. Bb5+ Bd7 4. Bxd7+ Nxd7 5. O-O Ngf6 6. Qe2 e6 7. b3 Be7 8.
Bb2 O-O 9. c4 Re8 10. d4 cxd4 11. Nxd4 Qb8 12. Re1 Bd8 13. Nd2 Ba5 14. a3 a6
15. b4 Bb6 16. N4b3 Qc7 17. Rac1 Rac8 18. e5 dxe5 19. c5 Ba7 20. Nc4 e4 21. Nd6
Bb8 22. g3 e5 23. Nxe8 Rxe8 24. Nd2 Qc6 25. Nxe4 Nd5 26. Red1 N7f6 27. Nxf6+
Nxf6 28. Rc2 Bc7 29. Rcd2 h5 30. Qc4 b5 31. Qf1 Re6 32. Qg2 Ne4 33. Re2 f5 34.
Rde1 a5 35. Rxe4 fxe4 36. Qxe4 Qxe4 37. Rxe4 Kf7 38. Kg2 Kf6 39. Re2 Kf5 40.
Rd2 Re7 41. Kf3 g5 42. Bc3 a4 43. h3 g4+ 44. hxg4+ hxg4+ 45. Ke3 Rf7 46. Rd3
Ke6 47. Ke2 Rh7 48. Bd2 Rh1 49. Be1 Rh7 50. Rd1 Rf7 51. Bd2 Rh7 52. Bg5 Rh8 53.
Be3 Rh7 54. Rc1 Rh8 55. Rd1 1/2-1/2

[Event "Open Liberec 2015"]
[Site "Liberec (CZE)"]
[Date "2015.02.20"]
[Round "8.5"]
[White "Vaclavicek, Lukas"]
[Black "Chudinovskikh, Alexander M"]
[Result "1/2-1/2"]
[WhiteElo "2010"]
[BlackElo "2264"]
[PlyCount "45"]
[EventDate "2015.02.14"]
[Source "lmi"]
[SourceDate "2015.02.14"]

1. e4 g6 2. d4 Bg7 3. Nc3 c6 4. h3 d5 5. Nf3 Nh6 6. Bf4 f6 7. exd5 cxd5 8. Nb5
Na6 9. c4 Nf7 10. cxd5 Qxd5 11. Nc3 Qd8 12. Bb5+ Bd7 13. Bxd7+ Qxd7 14. O-O e6
15. Qb3 O-O 16. Rfe1 Rfe8 17. Re2 Re7 18. Rae1 Rae8 19. Nb5 b6 20. Qa4 Nb8 21.
Qb3 Na6 22. Qa4 Nb8 23. Qb3 1/2-1/2

[Event "Open Liberec 2015"]
[Site "Liberec (CZE)"]
[Date "2015.02.20"]
[Round "8.6"]
[White "Moncayo Romero, Evelyn"]
[Black "Vorontsov, Gennadiy"]
[Result "1-0"]
[WhiteElo "2080"]
[BlackElo "1727"]
[PlyCount "71"]
[EventDate "2015.02.14"]
[Source "lmi"]
[SourceDate "2015.02.14"]

1. e4 g6 2. d4 Bg7 3. Nc3 d6 4. Bd3 Nc6 5. Bb5 a6 6. Bxc6+ bxc6 7. h3 e5 8.
dxe5 Bxe5 9. Nf3 Bg7 10. O-O Ne7 11. Bg5 f6 12. Be3 Rb8 13. Rb1 O-O 14. Qd3 Qe8
15. Qc4+ Qf7 16. Qa4 h6 17. Qa5 Rb7 18. Qxa6 Rxb2 19. Qa5 Rxc2 20. Rfc1 Rxc3
21. Qxc3 Qxa2 22. Ra1 Qf7 23. Ra7 f5 24. Qa5 fxe4 25. Qxc7 exf3 26. Qxe7 Qxe7
27. Rxe7 Bf5 28. g4 Bd3 29. Rxc6 Ra8 30. Bf4 Be5 31. Bxe5 dxe5 32. Rxe5 Ra7 33.
Re3 Ra1+ 34. Kh2 Be2 35. Re7 Kf8 36. Rb7 1-0

[Event "Open Liberec 2015"]
[Site "Liberec (CZE)"]
[Date "2015.02.20"]
[Round "8.7"]
[White "Paszewski, Mateusz"]
[Black "Wolf, Andreas"]
[Result "1/2-1/2"]
[WhiteElo "2209"]
[BlackElo "2035"]
[PlyCount "76"]
[EventDate "2015.02.14"]
[Source "lmi"]
[SourceDate "2015.02.14"]

1. c4 b6 2. Nc3 e6 3. e4 Bb7 4. Nge2 c5 5. g3 f5 6. d3 Nf6 7. Bg2 Qc8 8. O-O
Be7 9. exf5 Bxg2 10. Kxg2 Qb7+ 11. Kg1 exf5 12. Nf4 O-O 13. Be3 Nc6 14. d4 cxd4
15. Bxd4 Nxd4 16. Qxd4 Bc5 17. Qd3 Ng4 18. b3 g5 19. Qd5+ Qxd5 20. Nfxd5 Rae8
21. h3 Nf6 22. Nxf6+ Rxf6 23. Nd5 Rh6 24. Rae1 Rxe1 25. Rxe1 Re6 26. Kf1 Rxe1+
27. Kxe1 Kf7 28. Ke2 a5 29. f4 gxf4 30. gxf4 Ke6 31. Kd3 Kf7 32. Ke2 Ke6 33.
Nc3 Kf6 34. Kd3 Kg6 35. Ke2 Kf7 36. Nd5 Ke6 37. Kd2 Kf7 38. Kd3 Ke6 1/2-1/2

[Event "Open Liberec 2015"]
[Site "Liberec (CZE)"]
[Date "2015.02.20"]
[Round "8.9"]
[White "Balinski, Damian"]
[Black "Paldus, Petr"]
[Result "1-0"]
[WhiteElo "2156"]
[BlackElo "2024"]
[PlyCount "57"]
[EventDate "2015.02.14"]
[Source "lmi"]
[SourceDate "2015.02.14"]

1. d4 f5 2. c4 Nf6 3. g3 g6 4. Bg2 Bg7 5. Nf3 O-O 6. O-O d6 7. b4 c5 8. bxc5
dxc5 9. Bb2 Qb6 10. Qc2 Nc6 11. d5 Nb4 12. Qc1 e6 13. a3 Na6 14. Nc3 exd5 15.
Nxd5 Nxd5 16. Bxg7 Kxg7 17. cxd5 Qd6 18. Rd1 Nc7 19. Nd2 b5 20. a4 a6 21. axb5
axb5 22. Rxa8 Nxa8 23. Qa1+ Qf6 24. Qxa8 c4 25. Nf3 b4 26. Qb8 Qc3 27. Qc7+ Kg8
28. Ng5 Qg7 29. Qxc4 1-0

[Event "Open Liberec 2015"]
[Site "Liberec (CZE)"]
[Date "2015.02.20"]
[Round "8.10"]
[White "Grzesik, Norbert"]
[Black "Sobeck, Guenter"]
[Result "0-1"]
[WhiteElo "1961"]
[BlackElo "2107"]
[PlyCount "54"]
[EventDate "2015.02.14"]
[Source "lmi"]
[SourceDate "2015.02.14"]

1. e4 e5 2. Nf3 Nc6 3. Bc4 Bc5 4. c3 Bb6 5. d3 Nf6 6. O-O d6 7. h3 O-O 8. Nbd2
Ne7 9. Bb3 c6 10. Nc4 Bc7 11. Qe2 Ng6 12. d4 exd4 13. Nxd4 Re8 14. f3 d5 15.
Ne3 Qd6 16. Ng4 Bxg4 17. hxg4 Qh2+ 18. Kf2 Nxe4+ 19. fxe4 Bg3+ 20. Kf3 Nh4+ 21.
Ke3 Rxe4+ 22. Kd3 Rxe2 23. Nxe2 Qxg2 24. Bf4 Qe4+ 25. Kd2 Bxf4+ 26. Rxf4 Nf3+
27. Kd1 Qd3+ 0-1

[Event "Open Liberec 2015"]
[Site "Liberec (CZE)"]
[Date "2015.02.20"]
[Round "8.11"]
[White "Cakl, Zdenek"]
[Black "Bradac, Daniel"]
[Result "1/2-1/2"]
[WhiteElo "2060"]
[BlackElo "1932"]
[PlyCount "40"]
[EventDate "2015.02.14"]
[Source "lmi"]
[SourceDate "2015.02.14"]

1. Nf3 Nf6 2. b3 g6 3. Bb2 Bg7 4. g3 O-O 5. Bg2 Nc6 6. c4 d6 7. d4 Bf5 8. O-O
Qd7 9. Nc3 Rad8 10. d5 Nb4 11. a3 Na6 12. b4 c5 13. dxc6 bxc6 14. Nd4 d5 15.
cxd5 cxd5 16. Rc1 e5 17. Nxf5 gxf5 18. e3 Ne4 19. Bh3 Ng5 20. Bg2 Ne4 1/2-1/2

[Event "Open Liberec 2015"]
[Site "Liberec (CZE)"]
[Date "2015.02.20"]
[Round "8.12"]
[White "Liska-Jun., Jiri"]
[Black "Baum, Jonasz"]
[Result "1-0"]
[WhiteElo "1985"]
[BlackElo "1893"]
[PlyCount "103"]
[EventDate "2015.02.14"]
[Source "lmi"]
[SourceDate "2015.02.14"]

1. Nf3 d5 2. c4 e6 3. g3 Nf6 4. Bg2 Bd6 5. O-O O-O 6. Qc2 b6 7. d4 Bb7 8. b3
Nbd7 9. Nc3 c5 10. Ba3 Be7 11. cxd5 Nxd5 12. Nxd5 Bxd5 13. e4 Bb7 14. d5 exd5
15. exd5 Nf6 16. Rad1 Nxd5 17. Qc4 Qd6 18. Nh4 b5 19. Qxb5 Ba6 20. Qa4 Bxf1 21.
Rxd5 Qe6 22. Kxf1 Rfd8 23. Nf5 Bg5 24. Nxg7 Qf6 25. Be4 Qxg7 26. Bb2 Bf6 27.
Bxf6 Qxf6 28. Rf5 Qa1+ 29. Kg2 Rac8 30. Qxa7 Qg7 31. h4 h6 32. Qb6 Qd4 33. Rf4
Qd6 34. Qb5 Rb8 35. Qc4 Qe7 36. Bd5 Rf8 37. Rg4+ Kh7 38. Rf4 f6 39. Qd3+ Kh8
40. Rg4 f5 41. Rg6 Kh7 42. h5 Rf6 43. Bc4 Rxg6 44. Qxf5 Qg7 45. Bf7 Rf8 46.
hxg6+ Kh8 47. Qxc5 Rd8 48. Qe3 Ra8 49. b4 Rb8 50. b5 h5 51. b6 Qf8 52. Qe5+ 1-0

[Event "Open Liberec 2015"]
[Site "Liberec (CZE)"]
[Date "2015.02.20"]
[Round "8.13"]
[White "Ptacek, Tomas"]
[Black "Svec, Ludek"]
[Result "1-0"]
[WhiteElo "2009"]
[BlackElo "1705"]
[PlyCount "45"]
[EventDate "2015.02.14"]
[Source "lmi"]
[SourceDate "2015.02.14"]

1. e4 c5 2. Nf3 e6 3. d4 cxd4 4. Nxd4 Nf6 5. Bd3 Nc6 6. Nxc6 bxc6 7. e5 Nd5 8.
O-O f5 9. Qh5+ g6 10. Qh3 Rb8 11. Bh6 Qe7 12. Nd2 Nb6 13. a4 a5 14. Ra3 Bxh6
15. Qxh6 Qf8 16. Qe3 d5 17. exd6 Qxd6 18. Qh6 Bd7 19. Qg7 Qf8 20. Qe5 Kf7 21.
Re1 Nd5 22. Nc4 Ke7 23. Qd6+ 1-0

[Event "Open Liberec 2015"]
[Site "Liberec (CZE)"]
[Date "2015.02.20"]
[Round "8.14"]
[White "Cejp, Jaroslav"]
[Black "Hiller, Wieland"]
[Result "0-1"]
[WhiteElo "1749"]
[BlackElo "1954"]
[PlyCount "74"]
[EventDate "2015.02.14"]
[Source "lmi"]
[SourceDate "2015.02.14"]

1. e4 c5 2. Nc3 Nc6 3. g3 g6 4. Bg2 Bg7 5. d3 d6 6. f4 e6 7. Nf3 Nge7 8. O-O
O-O 9. Be3 b6 10. Rb1 Bb7 11. Qd2 a6 12. a3 Qc7 13. Ne2 Rae8 14. c3 f5 15. Ng5
Qd7 16. Rbd1 h6 17. Nf3 Kh7 18. h3 e5 19. fxe5 dxe5 20. exf5 gxf5 21. Nh2 Nd5
22. Bf2 Rd8 23. d4 cxd4 24. cxd4 e4 25. Qc2 Rc8 26. Nc3 Nce7 27. Rfe1 Rfe8 28.
Qd2 Nxc3 29. bxc3 Nd5 30. Rc1 b5 31. Rc2 Qd6 32. Ra1 e3 33. Bxe3 Rxe3 34. Bxd5
Qxd5 35. Kf2 Rexc3 36. Rxc3 Rxc3 37. Qxc3 Bxd4+ 0-1

[Event "Open Liberec 2015"]
[Site "Liberec (CZE)"]
[Date "2015.02.20"]
[Round "8.17"]
[White "Hruby, Vaclav"]
[Black "Burdov, Petr"]
[Result "1-0"]
[WhiteElo "1693"]
[BlackElo "1610"]
[PlyCount "55"]
[EventDate "2015.02.14"]
[Source "lmi"]
[SourceDate "2015.02.14"]

1. c4 Nf6 2. d4 d5 3. cxd5 Qxd5 4. Nc3 Qd8 5. Nf3 h6 6. e3 Bg4 7. Qb3 Bxf3 8.
gxf3 Qc8 9. Bd2 e6 10. Rc1 Be7 11. Bh3 Nbd7 12. Rg1 Rg8 13. e4 c6 14. e5 Nd5
15. Nxd5 exd5 16. e6 Qc7 17. exd7+ Kd8 18. f4 g6 19. Qe3 Qd6 20. a3 Kc7 21. Bb4
Qxb4+ 22. axb4 Bxb4+ 23. Kf1 f5 24. Qe6 Rgd8 25. Qxg6 Rxd7 26. Qxf5 Re7 27. Qf6
Rae8 28. Rg7 1-0

[Event "Open Liberec 2015"]
[Site "Liberec (CZE)"]
[Date "2015.02.21"]
[Round "9.2"]
[White "Halak, Miklos"]
[Black "Nagy, Gabor"]
[Result "0-1"]
[WhiteElo "2241"]
[BlackElo "2391"]
[PlyCount "52"]
[EventDate "2015.02.14"]
[Source "lmi"]
[SourceDate "2015.02.14"]

1. e4 c5 2. c3 g6 3. d4 cxd4 4. cxd4 d5 5. e5 Nc6 6. Nc3 Bg7 7. h3 f6 8. exf6
Nxf6 9. Bb5 O-O 10. Nf3 Ne4 11. O-O Rxf3 12. gxf3 Nd6 13. Bxc6 bxc6 14. Bf4 Nf5
15. Be5 Bxe5 16. dxe5 Nh4 17. Re1 Qf8 18. Re3 Qf4 19. Ne2 Nxf3+ 20. Rxf3 Qxf3
21. Nd4 Qxh3 22. Nxc6 Kf8 23. Qxd5 Bb7 24. Qc5 Qg4+ 25. Kh2 Qh4+ 26. Kg1 Rc8
0-1

[Event "Open Liberec 2015"]
[Site "Liberec (CZE)"]
[Date "2015.02.21"]
[Round "9.3"]
[White "Sobeck, Guenter"]
[Black "Vlasak, Lukas"]
[Result "0-1"]
[WhiteElo "2107"]
[BlackElo "2353"]
[PlyCount "54"]
[EventDate "2015.02.14"]
[Source "lmi"]
[SourceDate "2015.02.14"]

1. e4 c5 2. b3 d6 3. Bb2 Nf6 4. Bb5+ Bd7 5. Bxd7+ Qxd7 6. d3 Nc6 7. Ne2 e6 8.
O-O Be7 9. Nbc3 a6 10. f4 O-O 11. Qd2 d5 12. e5 Ne8 13. Rae1 Nc7 14. Na4 Rab8
15. f5 exf5 16. Ng3 b5 17. Nxf5 Ne6 18. Nc3 Bg5 19. Qe2 Ncd4 20. Qg4 Nxf5 21.
Rxf5 Bd2 22. Ref1 Nd4 23. e6 Qxe6 24. Nxd5 Nxf5 25. Bxg7 Nxg7 26. Nf6+ Kh8 27.
Qh5 Qe3+ 0-1

[Event "Open Liberec 2015"]
[Site "Liberec (CZE)"]
[Date "2015.02.21"]
[Round "9.4"]
[White "Bradac, Daniel"]
[Black "Paszewski, Mateusz"]
[Result "1/2-1/2"]
[WhiteElo "1932"]
[BlackElo "2209"]
[PlyCount "43"]
[EventDate "2015.02.14"]
[Source "lmi"]
[SourceDate "2015.02.14"]

1. e4 c5 2. Nf3 Nc6 3. d4 cxd4 4. Nxd4 g6 5. Nc3 Bg7 6. Be3 Nf6 7. Be2 O-O 8.
Qd2 d6 9. O-O-O Nxd4 10. Bxd4 Be6 11. h4 Qa5 12. Kb1 Rfc8 13. Nd5 Qxd2 14.
Nxf6+ Bxf6 15. Rxd2 Kg7 16. c3 Bxd4 17. Rxd4 Rc5 18. Rb4 b6 19. a3 h6 20. Kc2
g5 21. hxg5 hxg5 22. Rb5 1/2-1/2

[Event "Open Liberec 2015"]
[Site "Liberec (CZE)"]
[Date "2015.02.21"]
[Round "9.5"]
[White "Vorontsov, Gennadiy"]
[Black "Liska-Jun., Jiri"]
[Result "0-1"]
[WhiteElo "1727"]
[BlackElo "1985"]
[PlyCount "78"]
[EventDate "2015.02.14"]
[Source "lmi"]
[SourceDate "2015.02.14"]

1. e4 c5 2. Nc3 Nc6 3. g3 g6 4. Bg2 Bg7 5. d3 e6 6. Be3 Qa5 7. Qd2 Nge7 8. Nge2
O-O 9. h4 Ne5 10. f4 Ng4 11. h5 Nxe3 12. Qxe3 d5 13. Qd2 d4 14. Nd1 Qb6 15. g4
f5 16. hxg6 hxg6 17. gxf5 exf5 18. e5 Be6 19. b3 Nd5 20. Ng1 g5 21. Bxd5 Bxd5
22. Rh5 gxf4 23. Qxf4 Rae8 24. Rg5 Qh6 25. Nf2 Kh7 26. Ne2 Bxe5 27. Qd2 Bg7 28.
O-O-O Qxg5 29. Qxg5 Bh6 30. Qxh6+ Kxh6 31. Nf4 Bf3 32. Rd2 Re1+ 33. Kb2 b5 34.
N2h3 Bg4 35. Rh2 Bxh3 36. Nd5 Kg5 37. Rxh3 f4 38. Rh7 f3 39. Rg7+ Kh6 0-1

[Event "Open Liberec 2015"]
[Site "Liberec (CZE)"]
[Date "2015.02.21"]
[Round "9.6"]
[White "Dadello, Aleksandra"]
[Black "Grzesik, Norbert"]
[Result "1-0"]
[WhiteElo "2036"]
[BlackElo "1961"]
[PlyCount "57"]
[EventDate "2015.02.14"]
[Source "lmi"]
[SourceDate "2015.02.14"]

1. e4 c5 2. Nf3 Nc6 3. d4 cxd4 4. Nxd4 Nf6 5. Nc3 e6 6. Ndb5 Bb4 7. a3 Bxc3+ 8.
Nxc3 d5 9. exd5 exd5 10. Bd3 O-O 11. O-O d4 12. Ne2 a5 13. b3 Qd6 14. Bb2 Rd8
15. Qd2 Bg4 16. Rad1 Bxe2 17. Bxe2 Ne4 18. Qd3 Nc5 19. Qh3 Ne6 20. Bc4 Re8 21.
f4 Nxf4 22. Qf5 Ne6 23. Qxf7+ Kh8 24. Bxe6 Rxe6 25. Qxb7 Rae8 26. Qf7 Ne5 27.
Qf4 Qc5 28. Bxd4 Qxa3 29. Bxe5 1-0

[Event "Open Liberec 2015"]
[Site "Liberec (CZE)"]
[Date "2015.02.21"]
[Round "9.7"]
[White "Stojkovic, Andreja"]
[Black "Ptacek, Tomas"]
[Result "0-1"]
[WhiteElo "1919"]
[BlackElo "2009"]
[PlyCount "76"]
[EventDate "2015.02.14"]
[Source "lmi"]
[SourceDate "2015.02.14"]

1. e4 c5 2. Ne2 Nc6 3. d4 cxd4 4. Nxd4 Nf6 5. Nc3 e5 6. Ndb5 d6 7. Nd5 Nxd5 8.
exd5 Nb8 9. Be2 a6 10. Nc3 Be7 11. O-O O-O 12. Be3 Nd7 13. Qd2 f5 14. f3 Qe8
15. a4 f4 16. Bf2 Rf6 17. Rfd1 Rh6 18. Bf1 Qh5 19. h3 Nf8 20. Ne4 Bf5 21. Ra3
Ng6 22. Re1 Rf8 23. Qb4 Bh4 24. Qxb7 Bxf2+ 25. Nxf2 Nh4 26. Ng4 Rg6 27. Rc3 Qg5
28. Qxa6 h5 29. Qe2 hxg4 30. hxg4 Bxg4 31. fxg4 f3 32. gxf3 Nxf3+ 33. Rxf3
Qxg4+ 34. Bg2 Rxf3 35. Rd1 Qh3 36. Rd3 e4 37. Rb3 e3 38. Rb8+ Kh7 0-1

[Event "Open Liberec 2015"]
[Site "Liberec (CZE)"]
[Date "2015.02.21"]
[Round "9.8"]
[White "Janous, Petr"]
[Black "Liduch, Filip"]
[Result "1/2-1/2"]
[WhiteElo "1908"]
[BlackElo "1988"]
[PlyCount "49"]
[EventDate "2015.02.14"]
[Source "lmi"]
[SourceDate "2015.02.14"]

1. e4 e5 2. Nf3 Nc6 3. Nc3 Nf6 4. d4 exd4 5. Nxd4 Bb4 6. Nxc6 bxc6 7. Bd3 d5 8.
exd5 cxd5 9. O-O O-O 10. Bg5 c6 11. Qf3 Be7 12. h3 Be6 13. Na4 h6 14. Bf4 Bd6
15. b3 Qc7 16. Bxd6 Qxd6 17. Rfd1 Qb4 18. c3 Qh4 19. Nc5 Rae8 20. Re1 Nh5 21.
Bf5 g6 22. Bg4 Bxg4 23. Qxg4 Qxg4 24. hxg4 Nf6 25. f3 1/2-1/2

[Event "Open Liberec 2015"]
[Site "Liberec (CZE)"]
[Date "2015.02.21"]
[Round "9.9"]
[White "Kabelka, Ondrej"]
[Black "Prachar, Josef"]
[Result "1-0"]
[WhiteElo "1923"]
[BlackElo "1919"]
[PlyCount "87"]
[EventDate "2015.02.14"]
[Source "lmi"]
[SourceDate "2015.02.14"]

1. d4 Nf6 2. c4 c5 3. d5 e6 4. Nc3 exd5 5. cxd5 d6 6. g3 g6 7. Bg2 Bg7 8. Nf3
O-O 9. O-O Re8 10. Nd2 a6 11. a4 Nbd7 12. h3 Rb8 13. a5 b5 14. axb6 Nxb6 15.
Qc2 Nfd7 16. Nde4 Nf6 17. Bg5 Qe7 18. Nxf6+ Bxf6 19. Bxf6 Qxf6 20. Rfd1 Qe7 21.
Qc1 Nd7 22. Ra2 Rb4 23. e4 Qf6 24. Qc2 Nb6 25. Kh2 h5 26. Bf1 c4 27. Qd2 Rb3
28. Ra3 Nd7 29. f4 Rb4 30. e5 dxe5 31. Ne4 Qb6 32. Ra2 exf4 33. Qxf4 Rxb2+ 34.
Rd2 Rxa2 35. Rxa2 Qd4 36. Bg2 c3 37. Rf2 Rf8 38. Qc7 f5 39. Qd6 Kg7 40. Ng5 Nf6
41. Qe7+ Kg8 42. Re2 Re8 43. Qf7+ Kh8 44. Rxe8+ 1-0

[Event "Open Liberec 2015"]
[Site "Liberec (CZE)"]
[Date "2015.02.21"]
[Round "9.10"]
[White "Klucznik, Andre"]
[Black "Brechlin, Olaf"]
[Result "0-1"]
[WhiteElo "1776"]
[BlackElo "2041"]
[PlyCount "78"]
[EventDate "2015.02.14"]
[Source "lmi"]
[SourceDate "2015.02.14"]

1. e4 Nc6 2. Nf3 d5 3. exd5 Qxd5 4. Nc3 Qa5 5. Bb5 Bd7 6. d4 a6 7. Bc4 Bg4 8.
Be3 e6 9. O-O Nf6 10. h3 Bh5 11. a3 Bd6 12. Bd3 Bxf3 13. Qxf3 Qh5 14. Qxh5 Nxh5
15. Ne4 Nf6 16. Nxd6+ cxd6 17. c3 O-O 18. Rae1 b5 19. f4 Rfe8 20. c4 bxc4 21.
Bxc4 d5 22. Bd3 a5 23. Bb5 Rec8 24. Rc1 Na7 25. Ba6 Rcb8 26. Rc2 Rb6 27. Be2
Rab8 28. Rb1 Ne4 29. Bf2 h6 30. Be1 Nc6 31. Rxc6 Rxc6 32. Bxa5 Rc2 33. Bd3
Rcxb2 34. Rc1 R8b3 35. Bxe4 dxe4 36. Rc3 Rb1+ 37. Kh2 e3 38. Rxb3 Rxb3 39. Bb4
Rxb4 0-1

[Event "Open Liberec 2015"]
[Site "Liberec (CZE)"]
[Date "2015.02.21"]
[Round "9.11"]
[White "Baum, Jonasz"]
[Black "Nemcova, Kamila"]
[Result "1-0"]
[WhiteElo "1893"]
[BlackElo "1697"]
[PlyCount "49"]
[EventDate "2015.02.14"]
[Source "lmi"]
[SourceDate "2015.02.14"]

1. e4 c5 2. Nf3 d6 3. d4 cxd4 4. Nxd4 Nf6 5. Nc3 a6 6. Be3 e5 7. Nb3 Be6 8. f3
Be7 9. Qd2 h5 10. O-O-O Nbd7 11. Nd5 Nxd5 12. exd5 Bf5 13. f4 Rc8 14. Bd3 Bxd3
15. Qxd3 exf4 16. Bxf4 Bg5 17. Qe3+ Be7 18. Bxd6 Nf6 19. Ba3 Qc7 20. c3 Ng4 21.
Qe2 Qf4+ 22. Rd2 Ne5 23. d6 Bxd6 24. Bxd6 Rd8 25. Qxe5+ 1-0

[Event "Open Liberec 2015"]
[Site "Liberec (CZE)"]
[Date "2015.02.21"]
[Round "9.12"]
[White "Nikula, Mikko"]
[Black "Kopecky, Zdenek"]
[Result "1/2-1/2"]
[WhiteElo "1871"]
[BlackElo "1618"]
[PlyCount "45"]
[EventDate "2015.02.14"]
[Source "lmi"]
[SourceDate "2015.02.14"]

1. e4 c5 2. Nf3 d6 3. d4 cxd4 4. Nxd4 Nf6 5. Nc3 a6 6. Be3 Ng4 7. Bc1 e5 8. Nb3
Be6 9. f3 Nf6 10. Nd5 Nxd5 11. exd5 Bf5 12. Bd3 Bxd3 13. Qxd3 Be7 14. c4 Nd7
15. O-O O-O 16. Be3 Rc8 17. Nd2 f5 18. b4 b6 19. Rac1 a5 20. a3 axb4 21. axb4
Rc7 22. Ra1 Qc8 23. Ra2 1/2-1/2

[Event "Open Liberec 2015"]
[Site "Liberec (CZE)"]
[Date "2015.02.21"]
[Round "9.13"]
[White "Svec, Ludek"]
[Black "Jaksa, Petr"]
[Result "1-0"]
[WhiteElo "1705"]
[BlackElo "1814"]
[PlyCount "79"]
[EventDate "2015.02.14"]
[Source "lmi"]
[SourceDate "2015.02.14"]

1. Nf3 Nf6 2. c4 c5 3. b3 g6 4. Bb2 Bg7 5. Nc3 O-O 6. g3 Nc6 7. Bg2 d6 8. O-O
Bd7 9. d4 cxd4 10. Nxd4 Qc8 11. e4 Bh3 12. Nd5 Nxd5 13. exd5 Bxg2 14. Kxg2 Bxd4
15. Bxd4 Nxd4 16. Qxd4 Qc5 17. Qxc5 dxc5 18. Rfe1 Rfe8 19. Re4 Rad8 20. Rae1
Kf8 21. f4 Rd6 22. g4 a6 23. h4 b5 24. Kg3 h5 25. gxh5 gxh5 26. Re5 Rg6+ 27.
Kf3 Rh6 28. f5 bxc4 29. bxc4 Rd6 30. Kf4 Rb6 31. R5e4 f6 32. Re6 Rd6 33. Rb1
Rxe6 34. fxe6 Rd8 35. a4 Ra8 36. a5 Ra7 37. Kf5 Kg7 38. Rb6 Kh7 39. d6 exd6 40.
Rxd6 1-0

[Event "Open Liberec 2015"]
[Site "Liberec (CZE)"]
[Date "2015.02.21"]
[Round "9.14"]
[White "Hrbek, Stepan"]
[Black "Von Keyserlingk, Chanda"]
[Result "0-1"]
[WhiteElo "1586"]
[BlackElo "1706"]
[PlyCount "144"]
[EventDate "2015.02.14"]
[Source "lmi"]
[SourceDate "2015.02.14"]

1. e4 c5 2. d4 cxd4 3. c3 dxc3 4. Nxc3 Nc6 5. Nf3 d6 6. Bc4 h6 7. O-O Nf6 8.
Qe2 Bg4 9. Re1 Bxf3 10. Qxf3 Ne5 11. Bb5+ Nfd7 12. Qg3 a6 13. Ba4 b5 14. Bb3
Nc5 15. Bd5 Rc8 16. f4 Ned7 17. b4 Na4 18. Nxa4 bxa4 19. Bb7 Qb6+ 20. Be3 Qxb7
21. Rac1 e6 22. Rxc8+ Qxc8 23. a3 Qb7 24. e5 d5 25. Rc1 g6 26. Qh4 Be7 27. Qh3
h5 28. g4 Nb6 29. Bd4 Nc4 30. Kh1 Kd7 31. Kg1 Qa8 32. g5 Rc8 33. Qc3 Qc6 34.
Qf3 Qb7 35. Qc3 Rc6 36. Qh3 Nd2 37. Rxc6 Qxc6 38. Qd3 Nb3 39. Bc3 Qb6+ 40. Kg2
Qc6 41. Kg3 Qb5 42. Qe3 Qb7 43. h4 Bd8 44. Bb2 Bb6 45. Qd3 Qc8 46. Qd1 Qc4 47.
Qe1 Qe4 48. Qf1 Qe3+ 49. Kg2 Qd2+ 50. Kg3 Qxb2 51. Qxa6 Qf2+ 52. Kh3 Qf3+ 53.
Kh2 Qxf4+ 54. Kh3 Qg4+ 55. Kh2 Qxh4+ 56. Kg2 Qf2+ 57. Kh3 Qf3+ 58. Kh2 Qf4+ 59.
Kh3 Qg4+ 60. Kh2 Kc7 61. Qxa4 Qc4 62. Qe8 Qf4+ 63. Kh3 Qg4+ 64. Kh2 Qh4+ 65.
Kg2 Qxg5+ 66. Kh3 Qf5+ 67. Kh2 Qxe5+ 68. Kh3 Qf6 69. Qa4 Nd4 70. Qe8 Ne2 71.
Kg2 Qf2+ 72. Kh3 Qg3# 0-1